Statistics for Famous People from Oregon

Click here to take the quiz!

General Stats

  • This quiz has been taken 1,911 times
    (170 since last reset)
  • The average score is 6 of 14

Answer Stats

ClueHometownOregonian% Correct
Kurt Cobain's wifePortlandCourtney Love
72%
Great Depression presidentNewbergHerbert Hoover
72%
Nancy Kerrigan rivalPortlandTonya Harding
70%
Creator of "The Simpsons"PortlandMatt Groening
59%
Nike chairmanPortlandPhil Knight
53%
Children's author, first name BeverlyPortlandBeverly Cleary
49%
American middle distance runner who died
in a car crash in 1975
Coos BaySteve Prefontaine
36%
Former strong safety for the SteelersWinstonTroy Polamalu
32%
High jump "flopper"MedfordDick Fosbury
29%
Director of "Fight Club" and "The Social Network"AshlandDavid Fincher
22%
Author of "Into the Wild" and "Into Thin Air"CorvallisJon Krakauer
20%
"Fight Club" authorPortlandChuck Palahniuk
17%
LSD-influenced author who led the Merry PrankstersSpringfieldKen Kesey
17%
Nobel winner in Chemistry and PeacePortlandLinus Pauling
14%

Score Distribution

Percentile by Number Answered

Percent of People with Each Score

Your Score History

You have not taken this quiz since the last reset